Digital Management of Container Terminal Operations (Record no. 27396)
[ view plain ]
| 000 -LEADER | |
|---|---|
| fixed length control field | 03374nam a22006735i 4500 |
| 001 - CONTROL NUMBER | |
| control field | 978-981-15-2937-5 |
| 003 - CONTROL NUMBER IDENTIFIER | |
| control field | DE-He213 |
| 005 - DATE AND TIME OF LATEST TRANSACTION | |
| control field | 20240716155902.0 |
| 006 - FIXED-LENGTH DATA ELEMENTS--ADDITIONAL MATERIAL CHARACTERISTICS | |
| fixed length control field | a|||||o|||| 00| 0 |
| 007 - PHYSICAL DESCRIPTION FIXED FIELD--GENERAL INFORMATION | |
| fixed length control field | cr nn 008mamaa |
| 008 - FIXED-LENGTH DATA ELEMENTS--GENERAL INFORMATION | |
| fixed length control field | 200220s2020 si | s |||| 0|eng d |
| 020 ## - INTERNATIONAL STANDARD BOOK NUMBER | |
| International Standard Book Number | 9789811529375 |
| 024 7# - OTHER STANDARD IDENTIFIER | |
| Standard number or code | 10.1007/978-981-15-2937-5 |
| Source of number or code | doi |
| 040 ## - CATALOGING SOURCE | |
| Transcribing agency | imu-kc |
| 050 #4 - LIBRARY OF CONGRESS CALL NUMBER | |
| Classification number | HD28-70 |
| 072 #7 - SUBJECT CATEGORY CODE | |
| Subject category code | TBC |
| Source | bicssc |
| Subject category code | KJM |
| Source | bicssc |
| Subject category code | TEC000000 |
| Source | bisacsh |
| Subject category code | TBC |
| Source | thema |
| Subject category code | KJM |
| Source | thema |
| 082 04 - DEWEY DECIMAL CLASSIFICATION NUMBER | |
| Classification number | 658.5 |
| Edition number | 23 |
| 100 1# - MAIN ENTRY--PERSONAL NAME | |
| Personal name | Zhao, Ning. |
| Relator term | author. |
| Relationship | aut |
| -- | http://id.loc.gov/vocabulary/relators/aut |
| 245 10 - TITLE STATEMENT | |
| Title | Digital Management of Container Terminal Operations |
| Medium | [electronic resource] / |
| Statement of responsibility, etc. | by Ning Zhao, Yuan Liu, Weijian Mi, Yifan Shen, Mengjue Xia. |
| 250 ## - EDITION STATEMENT | |
| Edition statement | 1st ed. 2020. |
| 264 #1 - PRODUCTION, PUBLICATION, DISTRIBUTION, MANUFACTURE, AND COPYRIGHT NOTICE | |
| Place of production, publication, distribution, manufacture | Singapore : |
| Name of producer, publisher, distributor, manufacturer | Springer Nature Singapore : |
| -- | Imprint: Springer, |
| Date of production, publication, distribution, manufacture, or copyright notice | 2020. |
| 300 ## - PHYSICAL DESCRIPTION | |
| Extent | XIII, 310 p. 244 illus., 243 illus. in color. |
| Other physical details | online resource. |
| 336 ## - CONTENT TYPE | |
| Content type term | text |
| Content type code | txt |
| Source | rdacontent |
| 337 ## - MEDIA TYPE | |
| Media type term | computer |
| Media type code | c |
| Source | rdamedia |
| 338 ## - CARRIER TYPE | |
| Carrier type term | online resource |
| Carrier type code | cr |
| Source | rdacarrier |
| 347 ## - DIGITAL FILE CHARACTERISTICS | |
| File type | text file |
| Encoding format | |
| Source | rda |
| 505 0# - FORMATTED CONTENTS NOTE | |
| Formatted contents note | Introduction -- Operation Management in the Container Terminal -- Management of the Vessel Unloading Operations in the Container Terminal -- Management of Container Delivery in the Container Terminal -- Management of Container Collection Operations in the Container Terminal. . |
| 520 ## - SUMMARY, ETC. | |
| Summary, etc. | This book presents a comprehensive study on intelligent container terminals. Based on the development experience gained to date with container terminals, it analyzes information flows and their interactions with container terminals; illustrates the operation management process from information collection to resource planning and from equipment scheduling to field operation; highlights several dynamic decision-making problems concerning digital operation processes and container terminals; reveals the basis of the discrete logistics system; and discusses the future of intelligent container terminals. . |
| 650 #0 - SUBJECT ADDED ENTRY--TOPICAL TERM | |
| Topical term or geographic name entry element | Industrial Management. |
| Topical term or geographic name entry element | Transportation engineering. |
| Topical term or geographic name entry element | Traffic engineering. |
| Topical term or geographic name entry element | Business logistics. |
| Topical term or geographic name entry element | Computational intelligence. |
| Topical term or geographic name entry element | Artificial intelligence. |
| Topical term or geographic name entry element | Application software. |
| Topical term or geographic name entry element | Industrial Management. |
| Topical term or geographic name entry element | Transportation Technology and Traffic Engineering. |
| Topical term or geographic name entry element | Logistics. |
| Topical term or geographic name entry element | Computational Intelligence. |
| Topical term or geographic name entry element | Artificial Intelligence. |
| Topical term or geographic name entry element | Computer and Information Systems Applications. |
| 700 1# - ADDED ENTRY--PERSONAL NAME | |
| Personal name | Liu, Yuan. |
| Relator term | author. |
| Relationship | aut |
| -- | http://id.loc.gov/vocabulary/relators/aut |
| Personal name | Mi, Weijian. |
| Relator term | author. |
| Relationship | aut |
| -- | http://id.loc.gov/vocabulary/relators/aut |
| Personal name | Shen, Yifan. |
| Relator term | author. |
| Relationship | aut |
| -- | http://id.loc.gov/vocabulary/relators/aut |
| Personal name | Xia, Mengjue. |
| Relator term | author. |
| Relationship | aut |
| -- | http://id.loc.gov/vocabulary/relators/aut |
| 710 2# - ADDED ENTRY--CORPORATE NAME | |
| Corporate name or jurisdiction name as entry element | SpringerLink (Online service) |
| 773 0# - HOST ITEM ENTRY | |
| Title | Springer Nature eBook |
| 776 08 - ADDITIONAL PHYSICAL FORM ENTRY | |
| Relationship information | Printed edition: |
| International Standard Book Number | 9789811529368 |
| Relationship information | Printed edition: |
| International Standard Book Number | 9789811529382 |
| Relationship information | Printed edition: |
| International Standard Book Number | 9789811529399 |
| 856 40 - ELECTRONIC LOCATION AND ACCESS | |
| Uniform Resource Identifier | <a href="https://doi.org/10.1007/978-981-15-2937-5">https://doi.org/10.1007/978-981-15-2937-5</a> |
| 942 ## - ADDED ENTRY ELEMENTS (KOHA) | |
| Source of classification or shelving scheme | |
| Koha item type | E-Book |
No items available.